Die Träume der Kinder

Gespeichert in:  
Bibliographische Detailangaben
1. VerfasserIn: Strunz, Franz (Verfasst von)
Medienart: Druck Aufsatz
Sprache:Deutsch
Veröffentlicht: 1988
In: Psychotherapie, Psychosomatik, medizinische Psychologie
Jahr: 1988, Band: 38, Heft: 5, Seiten: 175-184
Verfügbarkeit prüfen: HBZ Gateway
Schlagwörter:

MARC

LEADER 00000caa a22000002c 4500
001 164073032X
003 DE-627
005 20230426153948.0
007 tu
008 141009s1988 xx ||||| 00| ||ger c
035 |a (DE-627)164073032X 
035 |a (DE-576)415273552 
035 |a (DE-599)BSZ415273552 
040 |a DE-627  |b ger  |c DE-627  |e rakwb 
041 |a ger 
100 1 |a Strunz, Franz  |0 (DE-588)1047591073  |0 (DE-627)778641368  |0 (DE-576)400838974  |4 aut 
109 |a Strunz, Franz 
245 1 4 |a Die Träume der Kinder  |c Franz Strunz 
264 1 |c 1988 
336 |a Text  |b txt  |2 rdacontent 
337 |a ohne Hilfsmittel zu benutzen  |b n  |2 rdamedia 
338 |a Band  |b nc  |2 rdacarrier 
773 0 8 |i In  |t Psychotherapie, Psychosomatik, medizinische Psychologie  |d Stuttgart [u.a.] : Thieme, 1980  |g 38(1988), 5, Seite 175-184  |w (DE-627)130637203  |w (DE-600)800571-0  |w (DE-576)016145380  |x 0937-2032  |7 nnas 
773 1 8 |g volume:38  |g year:1988  |g number:5  |g pages:175-184 
951 |a AR 
ELC |b 1 
LOK |0 000 xxxxxcx a22 zn 4500 
LOK |0 001 3302797559 
LOK |0 003 DE-627 
LOK |0 004 164073032X 
LOK |0 005 20141009135645 
LOK |0 008 141009||||||||||||||||ger||||||| 
LOK |0 040   |a DE-21-110  |c DE-627  |d DE-21-110 
LOK |0 689   |a s  |a Kinderträume 
LOK |0 852   |z Kein Bestand am IfK; Nachweis für KrimDok 
LOK |0 852   |a DE-21-110 
LOK |0 852 1  |m v  |9 00 
LOK |0 935   |a k110 
LOK |0 938   |k v 
LOK |0 939   |a 09-10-14  |b l01 
ORI |a SA-MARC-krimdoka001.raw